000 00356nam a22001577a 4500
008 240208b ||||| |||| 00| 0 eng d
020 _a9789389742503
041 _ahin
082 _a891.433
_bPRK
100 _aPremchand
245 _aKarambhumi
260 _aPrayagraj
_bLokbharti Prakashan
_c2023
300 _a279p.
650 _aHINDI
942 _cBK
999 _c48616
_d48616